[Event "CAN-ch U08"]
[Site "Windsor"]
[Date "2016.07.08"]
[Round "6.130"]
[White "Deng, Henry"]
[Black "Ho, Emmett"]
[Result "0-1"]
[WhiteElo "1050"]
[BlackElo "664"]
[PlyCount "42"]
[EventDate "2016.07.05"]
[EventType "swiss"]
[EventRounds "7"]
[EventCountry "CAN"]
[SourceTitle "EXT 2022"]
[Source "ChessBase"]
[SourceDate "2021.10.06"]
[SourceVersion "1"]
[SourceVersionDate "2021.10.06"]
[SourceQuality "1"]

1. e4 e5 2. Bc4 Nf6 3. Nf3 Nxe4 4. Nxe5 d5 5. d3 dxc4 6. dxc4 Qg5 7. 0-0 Qxe5 8. Be3 Qf6 9. c5 Qg6 10. g3 Bh3 11. Re1 Qf6 12. Qe2 Qd8 13. Nc3 Nxc3 14. bxc3 b6 15. cxb6 axb6 16. Bg5+ Be7 17. Bf4 Nd7 18. Rad1 Ra7 19. Bg5 0-0 20. Bxe7 Qa8 21. Bxf8 Qg2# 0-1

[Event "CAN-ch U08"]
[Site "Windsor"]
[Date "2016.07.06"]
[Round "2.123"]
[White "Liu, Henry"]
[Black "Ho, Emmett"]
[Result "1-0"]
[WhiteElo "740"]
[BlackElo "664"]
[PlyCount "101"]
[EventDate "2016.07.05"]
[EventType "swiss"]
[EventRounds "7"]
[EventCountry "CAN"]
[SourceTitle "EXT 2022"]
[Source "ChessBase"]
[SourceDate "2021.10.06"]
[SourceVersion "1"]
[SourceVersionDate "2021.10.06"]
[SourceQuality "1"]

1. d4 Nc6 2. d5 Ne5 3. Bf4 d6 4. Qd4 Bg4 5. Bxe5 dxe5 6. Qxe5 e6 7. dxe6 fxe6 8. Qe3 Bb4+ 9. c3 Ba5 10. b4 Bb6 11. c4 Nf6 12. c5 0-0 13. cxb6 axb6 14. f3 Bf5 15. g4 Bxb1 16. Rxb1 Rxa2 17. b5 Ra8 18. g5 Nh5 19. Bh3 Re8 20. Bxe6+ Kf8 21. Rd1 Qe7 22. Rd7 Qa3 23. Qxa3+ Rxa3 24. Bf7 Ra1+ 25. Kf2 Rea8 26. Rxc7 Nf4 27. Rxb7 R1a2 28. Bxa2 Rxa2 29. Rxb6 Nd3+ 30. Kf1 Nf4 31. Rb8+ Kf7 32. b6 Ra1+ 33. Kf2 Nd3+ 34. Ke3 Ra3 35. exd3 h5 36. b7 Kg6 37. Ra8 Rb3 38. b8Q Rxb8 39. Rxb8 Kh7 40. Nh3 Kg6 41. Ra1 Kh7 42. Raa8 Kg6 43. Rd8 Kh7 44. Rh8+ Kg6 45. Ra6+ Kf5 46. Rxh5 g6 47. Ra5+ Ke6 48. Rh6 Ke7 49. Rxg6 Kd8 50. Ra7 Kc8 51. Rg8# 1-0